000 00675nam a22002057a 4500
005 20150909110853.0
010 _aENG-113511
020 _c695.00
_a9789351480372
035 _aEN-97043
037 _bDBAD/PUB
082 _a280
100 _aThomas, Amit
245 _aChrist in multidimensional context :
_cby Amit Thomas
_ban integrated presentation of articles /
260 _aNew Delhi
_bChristian World Imprints
_c2015
270 _aH-12 Bali Nagar
_bNew Delhi
_e110015
300 _axviii,213p.
_c23cm(Hb)
490 _aChristian heritage rediscovered-15
500 _aIncludes bibliographical references and index
942 _2ddc
_cEN
_mTHO
_h280
999 _c95004
_d95004